Score 0/25 Timer 05:00
7 Plays Today
Picture # Character Name % Correct
1Bugs Bunny
98.6%
10Pink Panther
93.9%
14Homer J. Simpson
93.9%
23Mickey Mouse
93.7%
8Fred Flintstone
92.2%
13Daffy Duck
89.8%
2Stewie Griffin
86.2%
12Yogi Bear
82.4%
4Pikachu
82.3%
15Dora the Explorer
80.8%
5Kenny McCormick
77.2%
11Beavis
70.6%
22George Jetson
70%
Picture # Character Name % Correct
3Bullwinkle J. Moose
67.2%
25Woody Woodpecker
66.2%
16Pinky
61.6%
24Marvin the Martian
59%
18Bender
58.9%
17He-Man
46.4%
9Raphael
45.9%
20Astro Boy
40.1%
21Samurai Jack
33.3%
7Stimpy
31.4%
6Underdog
30.7%
19Snagglepuss
17%
Remove Ads.
Support Sporcle.
Get the best of Sporcle when you Go Orange. This ad-free experience offers more features, more stats, and more fun while also helping to support Sporcle. Thank you for becoming a member.

You're not logged in!

Compare scores with friends on all Sporcle quizzes.
OR
Log In

Show Comments

Extras

Top Quizzes Today


Score Distribution

Your Account Isn't Verified!

In order to create a playlist on Sporcle, you need to verify the email address you used during registration. Go to your Sporcle Settings to finish the process.

Report this User

Report this user for behavior that violates our Community Guidelines.

Details: